Data Visualization Using Python (Record no. 13967)

MARC details
000 -LEADER
fixed length control field 00404nam a22001697a 4500
003 - CONTROL NUMBER IDENTIFIER
control field OSt
008 - FIXED-LENGTH DATA ELEMENTS--GENERAL INFORMATION
fixed length control field 260518b |||||||| |||| 00| 0 eng d
020 ## - INTERNATIONAL STANDARD BOOK NUMBER
International Standard Book Number 9789355515384
082 ## - DEWEY DECIMAL CLASSIFICATION NUMBER
Classification number 005.133 POD
100 ## - MAIN ENTRY--PERSONAL NAME
Personal name POOJA
245 ## - TITLE STATEMENT
Title Data Visualization Using Python
250 ## - EDITION STATEMENT
Edition statement 1st Ed Rev
260 ## - PUBLICATION, DISTRIBUTION, ETC. (IMPRINT)
Place of publication, distribution, etc New Delhi
Name of publisher, distributor, etc BPB Publication
Date of publication, distribution, etc 2025
300 ## - PHYSICAL DESCRIPTION
Extent 284p.
942 ## - ADDED ENTRY ELEMENTS (KOHA)
Source of classification or shelving scheme Dewey Decimal Classification
Koha item type Text Books
Holdings
Withdrawn status Lost status Source of classification or shelving scheme Damaged status Not for loan Collection code Home library Current library Date acquired Source of acquisition Currency Cost, normal purchase price Bill Number Total Checkouts Full call number Acc. no. / Barcode Date last seen Actual Cost, discounted price Bill Date Koha item type
    Dewey Decimal Classification     MCA PIET C-LIBRARY PIET C-LIBRARY 13/05/2026 Zafaa Books and Distributors INR 899.00 ZBD2026-27-0043   005.133 POD 40140 18/05/2026 656.27 13/05/2026 Reference Books
    Dewey Decimal Classification     MCA PIET C-LIBRARY PIET C-LIBRARY 13/05/2026 Zafaa Books and Distributors INR 899.00 ZBD2026-27-0043   005.133 POD 40141 18/05/2026 656.27 13/05/2026 Text Books
    Dewey Decimal Classification     MCA PIET C-LIBRARY PIET C-LIBRARY 13/05/2026 Zafaa Books and Distributors INR 899.00 ZBD2026-27-0043   005.133 POD 40142 18/05/2026 656.27 13/05/2026 Text Books
    Dewey Decimal Classification     MCA PIET C-LIBRARY PIET C-LIBRARY 13/05/2026 Zafaa Books and Distributors INR 899.00 ZBD2026-27-0043   005.133 POD 40143 18/05/2026 656.27 13/05/2026 Text Books
    Dewey Decimal Classification     MCA PIET C-LIBRARY PIET C-LIBRARY 13/05/2026 Zafaa Books and Distributors INR 899.00 ZBD2026-27-0043   005.133 POD 40144 18/05/2026 656.27 13/05/2026 Text Books

Design & Developed by: PIET Central Library
R70 Miles Stone Pattikalyana Samalkha Panipat 132102
mail ID :- [email protected], Phone No:- 0180-2569700 Ex.216